[Event "Canada int. ch U2100"]
[Site "Longueuil CAN"]
[Date "2019.10.11"]
[Round "1.1"]
[White "Rabin, Evan"]
[Black "Pare, Marc"]
[Result "1-0"]
[WhiteElo "2044"]
[BlackElo "1846"]
[PlyCount "59"]
[EventDate "2019.10.11"]
[EventType "swiss"]
[EventRounds "5"]
[EventCountry "CAN"]

1. e4 d5 2. exd5 Nf6 3. Bb5+ Bd7 4. Be2 Nxd5 5. d4 g6 6. c4 Nb6 7. Nc3 Bg7 8.
c5 Nc8 9. Nf3 O-O 10. Be3 e6 11. Qd2 Ne7 12. Bh6 Bxh6 13. Qxh6 Nf5 14. Qf4 Bc6
15. O-O-O Nd7 16. Rhe1 Nf6 17. g4 Ng7 18. Ne5 Nd5 19. Qh6 Nxc3 20. bxc3 f6 21.
Nxc6 bxc6 22. Bc4 Re8 23. Rd3 Re7 24. Rh3 Kf7 25. Qxh7 Qg8 26. Qh6 Qe8 27. Bd3
f5 28. gxf5 exf5 29. Bc4+ Ne6 30. Rg3 {time} 1-0

[Event "Canada int. ch U2100"]
[Site "Longueuil CAN"]
[Date "2019.10.11"]
[Round "1.2"]
[White "Morin, Louis"]
[Black "Libersan, Thierry"]
[Result "0-1"]
[WhiteElo "1838"]
[BlackElo "1986"]
[PlyCount "74"]
[EventDate "2019.10.11"]
[EventType "swiss"]
[EventRounds "5"]
[EventCountry "CAN"]

1. e4 c5 2. d4 cxd4 3. c3 d5 4. exd5 Qxd5 5. cxd4 e6 6. Nf3 Nf6 7. Bd3 Nc6 8.
O-O Be7 9. Nc3 Qd6 10. Re1 O-O 11. Bg5 Nb4 12. Bf1 b6 13. Qd2 Nbd5 14. Rac1 Bb7
15. Ne5 Rac8 16. Bh4 Nxc3 17. bxc3 Ne4 18. Bxe7 Qxe7 19. Qd3 Nf6 20. c4 Rfd8
21. d5 Qf8 22. Re3 exd5 23. c5 Rxc5 24. Rxc5 Qxc5 25. Rh3 Bc8 26. Rh4 Be6 27.
h3 Rc8 28. Ng4 Bxg4 29. hxg4 Ne4 30. Qf3 Rc6 31. g5 Nxg5 32. Qf5 h6 33. Bd3 Rf6
34. Qg4 Qxf2+ 35. Kh1 Qe1+ 36. Kh2 Qe5+ 37. Kg1 Qe3+ 0-1

[Event "Canada int. ch U2100"]
[Site "Longueuil CAN"]
[Date "2019.10.11"]
[Round "1.3"]
[White "Kapush, Oleksandr"]
[Black "Couture, Jonathan"]
[Result "0-1"]
[WhiteElo "1971"]
[BlackElo "1832"]
[PlyCount "82"]
[EventDate "2019.10.11"]
[EventType "swiss"]
[EventRounds "5"]
[EventCountry "CAN"]

1. e4 g6 2. d4 Bg7 3. Nc3 d6 4. Be3 a6 5. Qd2 b5 6. a3 Nd7 7. f3 h5 8. h4 Bb7
9. Nh3 Rc8 10. a4 b4 11. Nd1 c5 12. c3 Qa5 13. cxb4 cxb4 14. Be2 Nb6 15. O-O
Nc4 16. Bxc4 Rxc4 17. b3 Rc8 18. Nb2 d5 19. e5 Nh6 20. Nd3 Nf5 21. Rac1 Rc3 22.
Bf2 O-O 23. Nc5 Bc6 24. Rxc3 bxc3 25. Qd3 Ra8 26. g4 hxg4 27. fxg4 Nh6 28. h5
Nxg4 29. hxg6 Nxf2 30. gxf7+ Kh8 31. Ng5 Nxd3 32. Nxd3 Bh6 33. Ne6 Bd7 34. Nec5
Bg4 35. Kf2 Rf8 36. Rh1 Rxf7+ 37. Kg3 Rh7 38. Kxg4 Qd8 39. e6 Qf8 40. Nd7 Rg7+
41. Kh4 Qf5 0-1

[Event "Canada int. ch U2100"]
[Site "Longueuil CAN"]
[Date "2019.10.11"]
[Round "1.4"]
[White "Dube, Dominic"]
[Black "Ehab, Mohamed"]
[Result "0-1"]
[WhiteElo "1823"]
[BlackElo "1950"]
[PlyCount "106"]
[EventDate "2019.10.11"]
[EventType "swiss"]
[EventRounds "5"]
[EventCountry "CAN"]

1. e4 e6 2. d4 d5 3. Nc3 Be7 4. e5 h5 5. Bd3 b6 6. f4 a5 7. Nf3 Ba6 8. O-O Bxd3
9. Qxd3 Nh6 10. Nd1 Nf5 11. Ne3 g6 12. c4 c5 13. cxd5 Nxe3 14. Bxe3 Qxd5 15.
Qb5+ Nd7 16. b3 cxd4 17. Qxd5 exd5 18. Bxd4 O-O 19. Rad1 Nc5 20. Kh1 Rfd8 21.
h3 Ne4 22. Bxb6 Ng3+ 23. Kg1 Rdb8 24. Bc7 Bc5+ 25. Nd4 Bxd4+ 26. Rxd4 Ne2+ 27.
Kf2 Nxd4 28. Bxb8 Rxb8 29. Rd1 Ne6 30. Rxd5 a4 31. f5 gxf5 32. Rd3 Rb4 33. g3
Re4 34. bxa4 Rxa4 35. a3 Kg7 36. Rf3 Kg6 37. h4 f4 38. Rb3 fxg3+ 39. Rxg3+ Kf5
40. Re3 Rxh4 41. Kg3 Rg4+ 42. Kh2 Re4 43. Rh3 h4 44. Rb3 Kxe5 45. Rb5+ Kf4 46.
Kh3 Kf3 47. Rf5+ Rf4 48. Rh5 f6 49. Rb5 Ng5+ 50. Kh2 Kg4 51. Rb2 Nf3+ 52. Kh1
h3 53. a4 Rd4 0-1

[Event "Canada int. ch U2100"]
[Site "Longueuil CAN"]
[Date "2019.10.11"]
[Round "1.5"]
[White "Jacobsen, Henrik"]
[Black "Orozco, Joey"]
[Result "1/2-1/2"]
[WhiteElo "1945"]
[BlackElo "1802"]
[PlyCount "65"]
[EventDate "2019.10.11"]
[EventType "swiss"]
[EventRounds "5"]
[EventCountry "CAN"]

1. d4 d5 2. Nf3 Nf6 3. Bf4 e6 4. e3 Bd6 5. c3 Ne4 6. Bd3 f5 7. Ne5 O-O 8. f3
Nf6 9. Qe2 c5 10. Nd2 Nc6 11. h4 Qc7 12. Nxc6 bxc6 13. Bxd6 Qxd6 14. O-O-O e5
15. e4 cxd4 16. cxd4 fxe4 17. fxe4 Bg4 18. Nf3 dxe4 19. Bxe4 exd4 20. Qc4+ Be6
21. Qc2 Qf4+ 22. Nd2 Nxe4 23. Qxe4 Bxa2 24. Qxf4 Rxf4 25. b3 Rf2 26. Kb2 Re8
27. Rhf1 Rxg2 28. Rg1 Rh2 29. Rh1 Rg2 30. Rhg1 Rf2 31. Rgf1 Rh2 32. Rh1 Rg2 33.
Rhg1 1/2-1/2

[Event "Canada int. ch U2100"]
[Site "Longueuil CAN"]
[Date "2019.10.11"]
[Round "1.6"]
[White "Beaudry, Marc-Andre"]
[Black "Tinica, Gabriel"]
[Result "1-0"]
[WhiteElo "1793"]
[BlackElo "1935"]
[PlyCount "121"]
[EventDate "2019.10.11"]
[EventType "swiss"]
[EventRounds "5"]
[EventCountry "CAN"]

1. e4 c5 2. Nf3 Nc6 3. d4 cxd4 4. Nxd4 g6 5. c4 Bg7 6. Be3 Nf6 7. Nc3 Ng4 8.
Qxg4 Nxd4 9. Qd1 e5 10. Bd3 O-O 11. Qd2 d6 12. O-O Be6 13. Rad1 Rc8 14. b3 f5
15. f4 fxe4 16. Bxe4 Qa5 17. Bxd4 exd4 18. Ne2 Qc5 19. Nxd4 Bg4 20. Bd5+ Kh8
21. Bf3 Bxf3 22. Rxf3 d5 23. cxd5 Rfd8 24. f5 Rxd5 25. f6 Bf8 26. Rd3 Rcd8 27.
Qe3 Qd6 28. R3d2 Qxf6 29. Nf3 Rxd2 30. Rxd2 Rxd2 31. Qxd2 b6 32. Kf1 a5 33. Qd4
Kg7 34. Ke2 Bc5 35. Qe5 Bd6 36. Qxf6+ Kxf6 37. Ke3 g5 38. h3 h6 39. Ke4 Bc5 40.
g4 Bf2 41. Kd5 Kg6 42. a4 h5 43. Ke6 Bc5 44. Ne5+ Kh6 45. Kf5 hxg4 46. hxg4 Be3
47. Nf7+ Kg7 48. Nxg5 Kf8 49. Ne6+ Ke7 50. Ke5 Kf7 51. Nf4 Bc5 52. Kf5 Bf2 53.
g5 Be3 54. g6+ Kg7 55. Nh5+ Kf8 56. Nf6 Bd4 57. Nh5 Be3 58. Ke6 Bd4 59. Kd5 Be3
60. Kc6 Bf2 61. Nf6 1-0

[Event "Canada int. ch U2100"]
[Site "Longueuil CAN"]
[Date "2019.10.11"]
[Round "1.7"]
[White "Couture, Conrad"]
[Black "Richard, Leo"]
[Result "0-1"]
[WhiteElo "1906"]
[BlackElo "1790"]
[PlyCount "74"]
[EventDate "2019.10.11"]
[EventType "swiss"]
[EventRounds "5"]
[EventCountry "CAN"]

1. c4 c5 2. Nc3 Nf6 3. Nf3 g6 4. d3 Bg7 5. e4 d6 6. b3 O-O 7. Be3 Nc6 8. Qd2
Nd7 9. Bh6 a6 10. Be2 Rb8 11. O-O b5 12. Bxg7 Kxg7 13. cxb5 axb5 14. d4 b4 15.
Nd5 e6 16. Ne3 Nf6 17. e5 dxe5 18. dxe5 Nxe5 19. Qc2 Nxf3+ 20. Bxf3 Ba6 21.
Rfd1 Qc7 22. Rd2 Rfc8 23. Rad1 Bb5 24. h3 h5 25. Qb2 Qf4 26. Rc1 Kg8 27. Nc4
Rd8 28. Rdc2 Rd4 29. Na5 Nd7 30. Bc6 Ne5 31. g3 Qf6 32. Rxc5 Nxc6 33. Nxc6 Bxc6
34. Rxc6 Rd1+ 35. Rxd1 Qxb2 36. Rd7 Qxa2 37. Rcc7 Rf8 0-1

[Event "Canada int. ch U2100"]
[Site "Longueuil CAN"]
[Date "2019.10.11"]
[Round "1.8"]
[White "Van Rooy, Jake"]
[Black "Bokhout, Peter"]
[Result "1-0"]
[WhiteElo "1787"]
[BlackElo "1903"]
[PlyCount "69"]
[EventDate "2019.10.11"]
[EventType "swiss"]
[EventRounds "5"]
[EventCountry "CAN"]

1. g3 e5 2. c4 Nc6 3. Bg2 Nf6 4. Nc3 Be7 5. Nf3 O-O 6. O-O d6 7. d3 h6 8. Rb1
Be6 9. b4 Qd7 10. b5 Nd8 11. Re1 Rb8 12. Qa4 Ra8 13. Bd2 Ne8 14. Nd5 f5 15.
Nxe7+ Qxe7 16. Qa3 Qf7 17. d4 exd4 18. Nxd4 Bxc4 19. Rec1 Bd5 20. Bh3 Be4 21.
Rb2 Ne6 22. Nxe6 Qxe6 23. f3 Bd5 24. e4 Bc4 25. Bxf5 Qf7 26. Bh3 Nf6 27. Rbc2
Bxb5 28. Rxc7 Qh5 29. Rxb7 a6 30. Be6+ Kh8 31. Rcc7 Nxe4 32. Rxg7 Nf6 33. Bc3
Bd7 34. Bxd7 Nxd7 35. Rgxd7+ 1-0

[Event "Canada int. ch U2100"]
[Site "Longueuil CAN"]
[Date "2019.10.11"]
[Round "1.9"]
[White "Gorunovich, Anna"]
[Black "Craciun, David"]
[Result "1-0"]
[WhiteElo "1897"]
[BlackElo "1785"]
[PlyCount "89"]
[EventDate "2019.10.11"]
[EventType "swiss"]
[EventRounds "5"]
[EventCountry "CAN"]

1. e4 e5 2. Nf3 Nc6 3. Bc4 Bc5 4. d3 Nf6 5. Bg5 h6 6. Bh4 d6 7. h3 a6 8. Nc3
Na5 9. Bb3 Nxb3 10. axb3 Be6 11. Qd2 g5 12. Bg3 Nh5 13. Bh2 Qf6 14. Ng1 c6 15.
f3 d5 16. Nge2 Nf4 17. Nxf4 gxf4 18. exd5 cxd5 19. Bg1 Bb4 20. d4 e4 21. O-O-O
e3 22. Qe2 Rg8 23. Bh2 Rc8 24. Na2 Ba5 25. c3 b5 26. Kb1 Bc7 27. Nb4 Qg6+ 28.
Kc1 Qxg2 29. Qd3 Qxf3 30. Nxa6 Bd6 31. Rdf1 Qe4 32. Qxe4 dxe4 33. Bxf4 Bxf4 34.
Rxf4 f5 35. d5 Bd7 36. Re1 Rg3 37. Rh4 Ke7 38. d6+ Kf7 39. Nc7 Kg6 40. Rf4 Rg5
41. Nd5 Be6 42. h4 Rh5 43. Nxe3 Rf8 44. c4 bxc4 45. bxc4 {...} 1-0

[Event "Canada int. ch U2100"]
[Site "Longueuil CAN"]
[Date "2019.10.11"]
[Round "1.10"]
[White "Mathieu, Guillaume"]
[Black "Archambault, Serge"]
[Result "1-0"]
[WhiteElo "1782"]
[BlackElo "1885"]
[PlyCount "97"]
[EventDate "2019.10.11"]
[EventType "swiss"]
[EventRounds "5"]
[EventCountry "CAN"]

1. d4 g6 2. Nf3 Bg7 3. Bg5 d6 4. Nbd2 Nf6 5. e4 c6 6. c3 O-O 7. Bd3 Bg4 8. h3
Bxf3 9. Nxf3 Nbd7 10. Qd2 Re8 11. O-O a6 12. a4 b5 13. axb5 axb5 14. b4 Rxa1
15. Rxa1 Qb6 16. Be3 Qb7 17. Qa2 Nb6 18. Qa7 Rb8 19. Nd2 d5 20. e5 Nfd7 21.
Qxb7 Rxb7 22. Nb3 Na4 23. Na5 Rb6 24. Nxc6 Nxc3 25. Ra8+ Bf8 26. Nxe7+ Kg7 27.
Bd2 Bxe7 28. Bxc3 Rb7 29. Ra5 Bg5 30. Kf1 Rc7 31. Be1 Rc1 32. Ke2 Nf8 33. Bd2
Bxd2 34. Kxd2 Rg1 35. Rxb5 Rxg2 36. Ke3 Rh2 37. Bf1 Ne6 38. Rxd5 Rh1 39. Be2
Rxh3+ 40. f3 Rh2 41. Rd7 Rh4 42. Bc4 Kf8 43. Bxe6 fxe6 44. b5 Ke8 45. Rg7 Kf8
46. Rc7 Ke8 47. b6 Kd8 48. Rc6 Rh1 49. b7 1-0

[Event "Canada int. ch U2100"]
[Site "Longueuil CAN"]
[Date "2019.10.11"]
[Round "1.11"]
[White "Forget, Luc"]
[Black "Simard, Francois"]
[Result "1-0"]
[WhiteElo "1888"]
[BlackElo "1773"]
[PlyCount "44"]
[EventDate "2019.10.11"]
[EventType "swiss"]
[EventRounds "5"]
[EventCountry "CAN"]

1. d4 d5 2. c4 e6 3. Nc3 Nf6 4. Nf3 c5 5. cxd5 Nxd5 6. g3 Nc6 7. Bg2 cxd4 8.
Nxd4 Nxc3 9. bxc3 Ne7 10. O-O g6 11. Qb3 e5 12. Qb5+ Qd7 13. Qxe5 Rg8 14. Ba3
Bg7 15. Qe3 f6 16. Nc6 Bf8 17. Rad1 Qe6 18. Rd8+ Kf7 19. Qxe6+ Bxe6 20. Rxa8
Nxc6 21. Rxf8+ Rxf8 22. Bxf8 Kxf8 1-0

[Event "Canada int. ch U2100"]
[Site "Longueuil CAN"]
[Date "2019.10.11"]
[Round "1.12"]
[White "Steinberg, Ellis"]
[Black "Palsson, Halldor"]
[Result "1-0"]
[WhiteElo "1769"]
[BlackElo "1851"]
[PlyCount "82"]
[EventDate "2019.10.11"]
[EventType "swiss"]
[EventRounds "5"]
[EventCountry "CAN"]

1. e4 e6 2. d3 d5 3. Nd2 Nf6 4. Ngf3 Be7 5. g3 c5 6. Bg2 b5 7. O-O Nc6 8. Re1
a5 9. e5 Nd7 10. Nf1 Qc7 11. Bf4 b4 12. h4 Nb6 13. N1h2 d4 14. Ng5 Nd5 15. Bxd5
exd5 16. e6 Qb7 17. exf7+ Kf8 18. Qh5 Bf5 19. Bd6 Qd7 20. Bxe7+ Nxe7 21. Nhf3
Bg6 22. Ne5 Qf5 23. Nxg6+ Qxg6 24. Qe2 Qf6 25. Qe6 h6 26. Qxf6 gxf6 27. Nh3
Kxf7 28. Re2 c4 29. Rae1 Ra7 30. Nf4 Rc8 31. Kg2 a4 32. a3 c3 33. bxc3 bxa3 34.
cxd4 Rc3 35. Rxe7+ Rxe7 36. Rxe7+ Kf8 37. Ra7 Rxc2 38. Rxa4 a2 39. Nxd5 Rb2 40.
Nc3 Rb3 41. Nxa2 Rxd3 1-0

[Event "Canada int. ch U2100"]
[Site "Longueuil CAN"]
[Date "2019.10.11"]
[Round "1.13"]
[White "Marcouiller, David"]
[Black "Landry, Sylvain"]
[Result "1-0"]
[WhiteElo "1846"]
[BlackElo "1752"]
[PlyCount "67"]
[EventDate "2019.10.11"]
[EventType "swiss"]
[EventRounds "5"]
[EventCountry "CAN"]

1. c4 e5 2. Nc3 Nc6 3. Nf3 Nf6 4. d4 exd4 5. Nxd4 Bc5 6. Nxc6 bxc6 7. g3 O-O 8.
Bg2 Re8 9. O-O Ba6 10. b3 d5 11. Qc2 Ng4 12. h3 Nxf2 13. Rxf2 Bxf2+ 14. Kxf2
Qf6+ 15. Kg1 Rad8 16. Bb2 Qg5 17. Kh2 Re3 18. Bf3 Rd6 19. h4 Rh6 20. Bc1 Rxh4+
21. gxh4 Qxh4+ 22. Kg2 Re6 23. Qf5 Rg6+ 24. Kf1 d4 25. Qe4 Qh3+ 26. Bg2 Qd7 27.
Na4 Bc8 28. Nc5 Qd8 29. Bf4 Rf6 30. Ke1 Bf5 31. Qe5 Qb8 32. a3 h6 33. Qxd4 Rg6
34. Bf3 1-0

[Event "Canada int. ch U2100"]
[Site "Longueuil CAN"]
[Date "2019.10.11"]
[Round "1.14"]
[White "Mercure, Gilbert"]
[Black "Hua, Michelle"]
[Result "0-1"]
[WhiteElo "1748"]
[BlackElo "1646"]
[PlyCount "124"]
[EventDate "2019.10.11"]
[EventType "swiss"]
[EventRounds "5"]
[EventCountry "CAN"]

1. e4 c5 2. d4 cxd4 3. c3 dxc3 4. Nxc3 Nc6 5. Nf3 e6 6. Bc4 a6 7. Qe2 b5 8. Bb3
Bb7 9. O-O Nge7 10. Rd1 Ng6 11. g3 Be7 12. Be3 O-O 13. Rd2 Qc7 14. Rc1 f5 15.
Nd5 exd5 16. exd5 Kh8 17. dxc6 Bxc6 18. Bd5 Qb7 19. Bxc6 dxc6 20. Rdc2 f4 21.
Bc5 Rae8 22. Qd3 Bxc5 23. Rxc5 fxg3 24. hxg3 Qf7 25. Kg2 Rd8 26. Qe3 Rd5 27.
Ng5 Qf5 28. Rxd5 Qxd5+ 29. f3 Qxa2 30. Qc3 Qd5 31. Qe3 Rd8 32. Rc2 h6 33. Ne4
Kh7 34. Rd2 Qg8 35. Rc2 Ne5 36. Ng5+ hxg5 37. Qxe5 Qd5 38. Qe3 g4 39. Qe4+ Qxe4
40. fxe4 Re8 41. Rxc6 Rxe4 42. Kf2 a5 43. Rc5 Rb4 44. Rc2 Rb3 45. Re2 Kg6 46.
Rc2 Kf5 47. Re2 a4 48. Kg2 b4 49. Kf2 a3 50. bxa3 bxa3 51. Re7 Rb2+ 52. Ke3 Rg2
53. Rf7+ Kg6 54. Ra7 Rxg3+ 55. Kf4 Rb3 56. Kxg4 Kf6 57. Ra6+ Ke5 58. Ra7 Kd4
59. Rxg7 Kc3 60. Kf4 a2 61. Rc7+ Kb2 62. Ra7 a1=Q 0-1

[Event "Canada int. ch U2100"]
[Site "Longueuil CAN"]
[Date "2019.10.11"]
[Round "1.15"]
[White "Laroche, Hugo"]
[Black "Mendoza, Armand Jess"]
[Result "1-0"]
[WhiteElo "1641"]
[BlackElo "1743"]
[PlyCount "97"]
[EventDate "2019.10.11"]
[EventType "swiss"]
[EventRounds "5"]
[EventCountry "CAN"]

1. d4 e6 2. Bf4 Nf6 3. Nf3 d5 4. e3 h6 5. h3 Bd6 6. Ne5 a6 7. c3 O-O 8. Bd3 c5
9. Nd2 Nc6 10. Bg3 Bxe5 11. dxe5 Nd7 12. f4 f6 13. exf6 Qxf6 14. O-O d4 15.
cxd4 Nxd4 16. Ne4 Nf3+ 17. Rxf3 Qxb2 18. Bc4 Nf6 19. Nxc5 b5 20. Bxe6+ Kh8 21.
Rf2 Qa3 22. Qc1 Qa5 23. Rc2 Ne4 24. Be1 Qb6 25. Bxc8 Raxc8 26. Nxe4 Rce8 27.
Nc3 b4 28. Nd1 a5 29. Bf2 Qf6 30. Nb2 Qf5 31. Nc4 Ra8 32. Ne5 a4 33. Rb1 Rfb8
34. Nc6 b3 35. axb3 axb3 36. Nxb8 bxc2 37. Rb2 Qd3 38. Qxc2 Qd6 39. Qd2 Qc7 40.
Kh2 Rxb8 41. Rxb8+ Qxb8 42. e4 g5 43. Qd4+ Kh7 44. Qd7+ Kg8 45. Qe6+ Kf8 46.
Bc5+ Kg7 47. Bd4+ Kf8 48. Qf6+ Ke8 49. Qh8+ 1-0

[Event "Canada int. ch U2100"]
[Site "Longueuil CAN"]
[Date "2019.10.11"]
[Round "1.16"]
[White "Samson, Gaetan"]
[Black "Ramesh, Sanjay"]
[Result "1-0"]
[WhiteElo "1740"]
[BlackElo "1641"]
[PlyCount "87"]
[EventDate "2019.10.11"]
[EventType "swiss"]
[EventRounds "5"]
[EventCountry "CAN"]

1. e4 c6 2. d4 d5 3. e5 Bf5 4. Bd3 Bxd3 5. Qxd3 e6 6. Ne2 Nd7 7. O-O c5 8. c3
Ne7 9. a4 Nc6 10. Nd2 Be7 11. f4 Qb6 12. Kh1 g6 13. Nf3 c4 14. Qc2 a6 15. Be3
Qd8 16. Ng5 Bxg5 17. fxg5 Ne7 18. g4 Ng8 19. Rf3 h5 20. gxh5 Rxh5 21. Raf1 Rh7
22. Nf4 Ne7 23. Qf2 Nf5 24. Ne2 Qc7 25. Ng3 O-O-O 26. Bf4 Rdh8 27. Nxf5 gxf5
28. Qc2 Nf8 29. R1f2 Ng6 30. Bc1 Rh4 31. b3 Kd7 32. Qb1 b5 33. axb5 axb5 34.
bxc4 bxc4 35. Rb2 Kc6 36. Rff2 Ra8 37. Rb5 Ra5 38. Rfb2 Rxb5 39. Rxb5 Qa7 40.
Rc5+ Kd7 41. Qb5+ Ke7 42. Qb4 Kd7 43. Ra5 Qc7 44. Qa4+ 1-0

[Event "Canada int. ch U2100"]
[Site "Longueuil CAN"]
[Date "2019.10.11"]
[Round "1.17"]
[White "Baran, Marius"]
[Black "Morin-Pare, Victor"]
[Result "0-1"]
[WhiteElo "1640"]
[BlackElo "1732"]
[PlyCount "76"]
[EventDate "2019.10.11"]
[EventType "swiss"]
[EventRounds "5"]
[EventCountry "CAN"]

1. e4 c6 2. Nc3 d5 3. Nf3 dxe4 4. Nxe4 Nf6 5. Nxf6+ exf6 6. d4 Bf5 7. Be2 Bd6
8. O-O O-O 9. Be3 Qc7 10. Re1 Nd7 11. c4 Rfe8 12. c5 Bf4 13. Bd3 Bxd3 14. Qxd3
Rad8 15. Qc3 Nf8 16. Rad1 Ng6 17. g3 Bxe3 18. Rxe3 Rxe3 19. Qxe3 Kf8 20. Re1
Qd7 21. Qe4 Qd5 22. b3 Qxe4 23. Rxe4 Ne7 24. Nd2 f5 25. Re1 Rxd4 26. Nc4 g6 27.
a4 Rd3 28. Rb1 Nd5 29. b4 Rd4 30. Nd6 Rxb4 31. Rxb4 Nxb4 32. Nxb7 Na6 33. Na5
Nb4 34. Kf1 Ke7 35. Ke2 Ke6 36. Kd2 Kd5 37. Kc3 Na6 38. Nb7 Nxc5 0-1

[Event "Canada int. ch U2100"]
[Site "Longueuil CAN"]
[Date "2019.10.11"]
[Round "1.18"]
[White "Latorre, Vincent"]
[Black "Hernandez, Juan Felipe"]
[Result "0-1"]
[WhiteElo "1722"]
[BlackElo "1621"]
[PlyCount "96"]
[EventDate "2019.10.11"]
[EventType "swiss"]
[EventRounds "5"]
[EventCountry "CAN"]

1. e4 e6 2. d4 d5 3. exd5 exd5 4. Nf3 Bd6 5. Bd3 Ne7 6. O-O Nbc6 7. c3 Bf5 8.
Re1 O-O 9. Bxf5 Nxf5 10. Qd3 Qd7 11. Na3 Bxa3 12. bxa3 Rfe8 13. Bf4 Nd6 14. h4
Ne4 15. Rab1 Na5 16. Qb5 Qxb5 17. Rxb5 Nxc3 18. Rxa5 Rxe1+ 19. Nxe1 Ne2+ 20.
Kf1 Nxf4 21. g3 Ne6 22. Rxd5 Rd8 23. Rxd8+ Nxd8 24. Ke2 f5 25. Kd3 Kf7 26. Nf3
Kf6 27. Kc4 Nc6 28. Kc5 h6 29. Nd2 Nb8 30. d5 Nd7+ 31. Kd4 Nb6 32. Nb3 Nd7 33.
f4 Kg6 34. Na5 Kh5 35. Nxb7 Kg4 36. Nc5 Nb6 37. Ne6 Kxg3 38. Ke5 g6 39. Nxc7
Kxh4 40. Kf6 Kg4 41. Kxg6 h5 42. d6 h4 43. Nd5 Nxd5 44. d7 Ne7+ 45. Kf6 Nc6 46.
Ke6 h3 47. Kd6 Nd8 48. Kc7 Nf7 0-1

[Event "Canada int. ch U2100"]
[Site "Longueuil CAN"]
[Date "2019.10.11"]
[Round "1.19"]
[White "Yan, Alex Jikai"]
[Black "Caen, Andy"]
[Result "0-1"]
[WhiteElo "1607"]
[BlackElo "1719"]
[PlyCount "52"]
[EventDate "2019.10.11"]
[EventType "swiss"]
[EventRounds "5"]
[EventCountry "CAN"]

1. e4 e6 2. d4 d5 3. e5 c5 4. c3 Nc6 5. Nf3 Qb6 6. a3 a5 7. a4 c4 8. Be2 f6 9.
O-O Nge7 10. Re1 fxe5 11. Nxe5 Nxe5 12. dxe5 Nc6 13. Bf3 Bc5 14. Qc2 O-O 15.
Be3 Nxe5 16. Bxc5 Nxf3+ 17. gxf3 Qxc5 18. Kg2 Rf5 19. Rg1 Bd7 20. Nd2 Raf8 21.
Rae1 e5 22. Re3 d4 23. cxd4 exd4 24. Ra3 Rg5+ 25. Kh1 Rxg1+ 26. Kxg1 Qg5+ 0-1

[Event "Canada int. ch U2100"]
[Site "Longueuil CAN"]
[Date "2019.10.11"]
[Round "1.20"]
[White "Eckert, Ethan"]
[Black "Omichi, Haruaki"]
[Result "1-0"]
[WhiteElo "1676"]
[BlackElo "1557"]
[PlyCount "77"]
[EventDate "2019.10.11"]
[EventType "swiss"]
[EventRounds "5"]
[EventCountry "CAN"]

1. e4 c5 2. Nf3 Nc6 3. d4 cxd4 4. Nxd4 g6 5. Nc3 Bg7 6. Be3 Nf6 7. f3 O-O 8.
Qd2 d5 9. Nxc6 bxc6 10. O-O-O Bb7 11. exd5 Nxd5 12. Bd4 Qa5 13. Nxd5 Qxd2+ 14.
Rxd2 cxd5 15. Bxg7 Kxg7 16. Bb5 Rac8 17. Re2 e6 18. h4 Bc6 19. Ba6 Rb8 20. Re3
Bb5 21. Ra3 Bxa6 22. Rxa6 Rb7 23. Rd1 Rfb8 24. b3 Rc7 25. Rd4 Rbc8 26. Rd2 d4
27. c4 dxc3 28. Rd3 c2 29. Rd2 Kf6 30. a4 Ke7 31. b4 h6 32. b5 Ke8 33. a5 Rb8
34. Rxc2 Rxc2+ 35. Kxc2 Rxb5 36. Rxa7 f5 37. Ra8+ Kd7 38. a6 Kc7 39. Re8 1-0

[Event "Canada int. ch U2100"]
[Site "Longueuil CAN"]
[Date "2019.10.11"]
[Round "1.21"]
[White "Landstrom, William"]
[Black "Gil, Bernardo"]
[Result "0-1"]
[WhiteElo "1550"]
[BlackElo "1654"]
[PlyCount "56"]
[EventDate "2019.10.11"]
[EventType "swiss"]
[EventRounds "5"]
[EventCountry "CAN"]

1. e4 c5 2. Nf3 g6 3. d4 cxd4 4. Nxd4 Nc6 5. Be3 Bg7 6. Nc3 Nf6 7. Be2 O-O 8.
Qd2 d5 9. Nxc6 bxc6 10. O-O-O Qa5 11. e5 Ng4 12. Bxg4 Bxg4 13. f3 Be6 14. f4
Rab8 15. Qd4 Rb7 16. Qa4 Qc7 17. Bc5 f6 18. exf6 Bxf6 19. Rhe1 Bg4 20. Rd3 Bxc3
21. Rxc3 Rxf4 22. Qa3 Rf7 23. g3 e5 24. Bd6 Qb6 25. Rb3 Qf2 26. Rbe3 e4 27. Qc3
Rbd7 28. Bf4 d4 0-1

[Event "Canada int. ch U2100"]
[Site "Longueuil CAN"]
[Date "2019.10.11"]
[Round "1.22"]
[White "Dube, Daniel"]
[Black "Qiao, Joey"]
[Result "1-0"]
[WhiteElo "1662"]
[BlackElo "1526"]
[PlyCount "101"]
[EventDate "2019.10.11"]
[EventType "swiss"]
[EventRounds "5"]
[EventCountry "CAN"]

1. d4 d5 2. Nf3 Nf6 3. g3 e6 4. Bg2 c5 5. c4 dxc4 6. Qa4+ Nc6 7. Ne5 Nd5 8.
Nxc6 bxc6 9. Qxc4 Qa5+ 10. Nd2 Ba6 11. Qc2 Qb5 12. O-O cxd4 13. Nb3 Nb4 14. Qe4
d3 15. exd3 Qxd3 16. Qxd3 Bxd3 17. Rd1 Bc4 18. Na5 Bd5 19. a3 Nc2 20. Rb1 Bxg2
21. Kxg2 c5 22. Bf4 Rc8 23. Rbc1 e5 24. Bxe5 f6 25. Bc3 Nd4 26. Bxd4 Rd8 27.
Re1+ Kf7 28. Bxc5 Rd5 29. b4 Bxc5 30. Rxc5 Rxc5 31. bxc5 Rc8 32. c6 Rc7 33. Re3
g5 34. Kf1 f5 35. Ke1 Re7 36. Rxe7+ Kxe7 37. Kd2 Kd6 38. Kc3 g4 39. Kb4 a6 40.
a4 h6 41. Kc4 h5 42. Kd4 Kc7 43. Kc5 Kb8 44. Kd6 Kc8 45. Nc4 a5 46. Nb6+ Kb8
47. c7+ Kb7 48. c8=Q+ Kxb6 49. Qc7+ Ka6 50. Kc6 f4 51. Qb6# 1-0

[Event "Canada int. ch U2100"]
[Site "Longueuil CAN"]
[Date "2019.10.11"]
[Round "1.23"]
[White "Wang, Rachel"]
[Black "Jensen-Lynch, Jonathan"]
[Result "1-0"]
[WhiteElo "1480"]
[BlackElo "1661"]
[PlyCount "71"]
[EventDate "2019.10.11"]
[EventType "swiss"]
[EventRounds "5"]
[EventCountry "CAN"]

1. d4 d6 2. c4 Nf6 3. Nc3 Nbd7 4. e4 e5 5. Nf3 h6 6. Be2 Be7 7. O-O c6 8. Ne1
g5 9. Be3 Qc7 10. f3 Nf8 11. Rc1 Ng6 12. d5 Nf4 13. b4 h5 14. c5 dxc5 15. bxc5
Bf8 16. Bc4 g4 17. d6 Qd7 18. Bxf4 exf4 19. Nd3 Bxd6 20. cxd6 Qxd6 21. Qb3 Qd4+
22. Kh1 Rh7 23. Nxf4 b5 24. Bd3 g3 25. Nce2 Qe5 26. Rxc6 h4 27. Qxb5 Nd7 28.
Qxe5+ Nxe5 29. Bb5 Bd7 30. Rc5 f6 31. Bxd7+ Kxd7 32. Rd1+ Ke8 33. Nd5 Kf8 34.
Nxf6 Re7 35. Rxe5 Rxe5 36. Nd7+ 1-0

[Event "Canada int. ch U2100"]
[Site "Longueuil CAN"]
[Date "2019.10.11"]
[Round "1.24"]
[White "Robillard, Jean-Philippe"]
[Black "Wang, Isabelle"]
[Result "1/2-1/2"]
[WhiteElo "1655"]
[BlackElo "1431"]
[PlyCount "160"]
[EventDate "2019.10.11"]
[EventType "swiss"]
[EventRounds "5"]
[EventCountry "CAN"]

1. d4 d5 2. c4 e6 3. Nf3 Nf6 4. Bg5 Be7 5. e3 O-O 6. Nc3 h6 7. Bh4 b6 8. Bxf6
Bxf6 9. cxd5 exd5 10. Rc1 Bb7 11. b4 Qd6 12. Nb5 Qxb4+ 13. Qd2 Qxd2+ 14. Kxd2
Na6 15. Nxc7 Nxc7 16. Rxc7 Rab8 17. Bd3 Rfc8 18. Rhc1 Rxc7 19. Rxc7 a5 20. Ne5
Bxe5 21. dxe5 Bc8 22. Kc3 Be6 23. a4 Rc8 24. Rxc8+ Bxc8 25. Kd4 Bb7 26. e4 Bc6
27. exd5 Bxa4 28. d6 Bd7 29. f4 a4 30. f5 Kf8 31. g4 b5 32. Kd5 a3 33. Bb1 b4
34. Kc4 g6 35. Kxb4 gxf5 36. gxf5 Bxf5 37. Ba2 Bd7 38. Kxa3 Kg7 39. Kb4 Kg6 40.
Kc5 Kf5 41. Kd4 f6 42. Bb1+ Ke6 43. Ba2+ Kf5 44. exf6 Kxf6 45. Bd5 Kf5 46. Be4+
Ke6 47. Kc5 Ke5 48. Bf3 Kf6 49. Kd5 Be8 50. Bg4 Ba4 51. Ke4 Be8 52. Kd5 Ba4 53.
Bc8 Be8 54. Bb7 Kf7 55. Bc6 h5 56. h4 Kf8 57. Kc5 Bg6 58. Kb6 Bf5 59. Kc7 Bg4
60. Bf3 Bf5 61. Bxh5 Kg7 62. Be8 Bg4 63. Bd7 Bd1 64. Kd8 Kf8 65. Kc7 Kg7 66.
Kc6 Kf6 67. Kd5 Bf3+ 68. Kd4 Bd1 69. Be8 Bg4 70. h5 Kg7 71. Ke5 Bc8 72. Bb5 Bg4
73. Kf4 Bh3 74. Kg5 Be6 75. h6+ Kh8 76. Bd3 Bd7 77. Kf6 Be8 78. Bg6 Bb5 79. Ke7
Ba4 80. Be8 Bd1 1/2-1/2